Az Egyesült Államokba irányuló külföldi müködötöke-befektetés.

Prienik zahraničného kapitálu do výrobných odvetví USA a jeho vplyv na americkú ekonomiku. Formy prieniku cez podiel na existujúcich výrobných kapacitách po postavenie nových podnikov. Podiel hlavných exportérov na investíciách zahraničného kapitálu do výroby. Rast konkurencieschopnosti zahraničného...

ver descrição completa

Na minha lista:
Detalhes bibliográficos
Autor principal: Szalavetz, A.
Formato: Capítulo de Livro
Idioma:húngaro
Assuntos:
Tags: Adicionar Tag
Sem tags, seja o primeiro a adicionar uma tag!

MARC

LEADER 00000naa a2200000 4500
001 r005537
005 20221125114004.6
041 0 |a hun 
044 |a HU 
245 1 0 |a Az Egyesült Államokba irányuló külföldi müködötöke-befektetés.  |c A. Szalavetz 
520 |a Prienik zahraničného kapitálu do výrobných odvetví USA a jeho vplyv na americkú ekonomiku. Formy prieniku cez podiel na existujúcich výrobných kapacitách po postavenie nových podnikov. Podiel hlavných exportérov na investíciách zahraničného kapitálu do výroby. Rast konkurencieschopnosti zahraničného kapitálu u špičkových technológií. Politické súvislosti prieniku zahraničného kapitálu. 
610 2 0 |a kapitál zahraničný 
610 2 0 |a USA 
610 2 0 |a kapitál výrobný 
610 2 0 |a investície zahraničné 
610 2 0 |a konkurencieschopnosť 
610 2 0 |a technológia 
100 1 |a Szalavetz, A.